000 00484nam a2200181Ia 4500
005 20250326125443.0
008 250326s9999 xx 000 0 und d
037 _aTextbook
040 _aFMSL
_beng
_cFMSL
041 _aeng
_2eng
084 _aY:5.2 M0
_qFMSL
100 _aKhan M E
245 0 _aFertility control in India
_cKhan M E; Prasad C V S
260 _aDelhi
_bDelhi, Manohar
_c1980
300 _a197p
942 _cTB
_hY:5.2 M0
999 _c1278134
_d1278134